| 000 | 00791nam a2200253 a 4500 | ||
|---|---|---|---|
| 001 | BRCA_7667 | ||
| 005 | 20190320205933.0 | ||
| 008 | 090813s1951----au-a######---#000-0#ger-# | ||
| 041 | _ager | ||
| 044 | _aau | ||
| 050 | 4 |
_aNK2808 _b.A48 1951 |
|
| 245 | 1 | 0 |
_aAltorientalische Teppiche _ceinleitung Siegfried Troll. |
| 260 |
_aViena _bOsterr Museums _c1951 |
||
| 300 |
_a16 p. _bil., 46 láminas _c23 cm. |
||
| 440 | 0 |
_aÖsterreichischen Museums für Angewandte Kunst _v1 _918918 |
|
| 500 | _aU3 | ||
| 650 | 1 | 4 |
_aTapetes orientales _vAlto oriente _918919 |
| 650 | 1 | 4 |
_aTapetes persas _918920 |
| 650 | 1 | 4 |
_aGalerías y museos _zAustria _97952 |
| 700 | 1 |
_aTroll, Siegfried _918921 |
|
| 710 | 2 |
_aÖsterreichisches Museum für Angewandte Kunst (Viena) _918922 |
|
| 902 | _aGFM | ||
| 942 |
_2lcc _cB |
||
| 999 |
_c7341 _d7341 |
||